<?xml version="1.0" encoding="UTF-8"?>
<record
    xmlns:xsi="http://www.w3.org/2001/XMLSchema-instance"
    xsi:schemaLocation="http://www.loc.gov/MARC21/slim http://www.loc.gov/standards/marcxml/schema/MARC21slim.xsd"
    xmlns="http://www.loc.gov/MARC21/slim">

  <leader>01646nam a22004577a 4500</leader>
  <controlfield tag="008">160307b        xxu||||| |||| 00| 0 eng d</controlfield>
  <datafield tag="082" ind1=" " ind2=" ">
    <subfield code="a">708</subfield>
    <subfield code="b">H873b</subfield>
  </datafield>
  <datafield tag="110" ind1=" " ind2=" ">
    <subfield code="a">Vitosha Gallery</subfield>
    <subfield code="9">4851</subfield>
  </datafield>
  <datafield tag="245" ind1=" " ind2=" ">
    <subfield code="a">Bulgarian Artists in Vienna. Contemporary Practices at the Beginning of the 21st Century.</subfield>
    <subfield code="c">HR-Stamenov; Mar&#xED;a Vassileva; Michail Michailov; Daniela Radeva</subfield>
  </datafield>
  <datafield tag="246" ind1=" " ind2=" ">
    <subfield code="a">Bulgarian Artists in Vienna</subfield>
  </datafield>
  <datafield tag="260" ind1=" " ind2=" ">
    <subfield code="a">[Vienna] :</subfield>
    <subfield code="b">[Art Project Depot] ;</subfield>
    <subfield code="b">[Vitosha Gallery] ;</subfield>
    <subfield code="c">2013</subfield>
  </datafield>
  <datafield tag="300" ind1=" " ind2=" ">
    <subfield code="a">207 p.</subfield>
    <subfield code="b">ill. (col.) ;</subfield>
    <subfield code="c">28 cm</subfield>
  </datafield>
  <datafield tag="500" ind1=" " ind2=" ">
    <subfield code="a">Textos en b&#xFA;lgaro e ingl&#xE9;s</subfield>
  </datafield>
  <datafield tag="650" ind1=" " ind2=" ">
    <subfield code="a">Artistas</subfield>
    <subfield code="x">Exhibiciones</subfield>
    <subfield code="z">Austria</subfield>
    <subfield code="9">4852</subfield>
  </datafield>
  <datafield tag="650" ind1=" " ind2=" ">
    <subfield code="a">Artistas</subfield>
    <subfield code="x">Exhibiciones</subfield>
    <subfield code="z">Vienna</subfield>
    <subfield code="9">4853</subfield>
  </datafield>
  <datafield tag="650" ind1=" " ind2=" ">
    <subfield code="a">Arte </subfield>
    <subfield code="y">S. 21</subfield>
    <subfield code="z">Bulgaria</subfield>
    <subfield code="9">4854</subfield>
  </datafield>
  <datafield tag="650" ind1=" " ind2=" ">
    <subfield code="a">Exhibiciones</subfield>
    <subfield code="9">2000</subfield>
  </datafield>
  <datafield tag="700" ind1=" " ind2=" ">
    <subfield code="a">Dejanoff, Plamen</subfield>
    <subfield code="9">4855</subfield>
  </datafield>
  <datafield tag="700" ind1=" " ind2=" ">
    <subfield code="a">Czernin, Adriana</subfield>
    <subfield code="9">4856</subfield>
  </datafield>
  <datafield tag="700" ind1=" " ind2=" ">
    <subfield code="a">Mattuschka, Mara</subfield>
    <subfield code="9">4857</subfield>
  </datafield>
  <datafield tag="700" ind1=" " ind2=" ">
    <subfield code="a">Vassileva, Mar&#xED;a</subfield>
    <subfield code="9">4858</subfield>
  </datafield>
  <datafield tag="700" ind1=" " ind2=" ">
    <subfield code="a">Patulova, Radostina</subfield>
    <subfield code="9">4859</subfield>
  </datafield>
  <datafield tag="700" ind1=" " ind2=" ">
    <subfield code="a">T&#xFC;rk, Annemarie</subfield>
    <subfield code="9">4860</subfield>
  </datafield>
  <datafield tag="700" ind1=" " ind2=" ">
    <subfield code="a">Fink, Roland</subfield>
    <subfield code="9">4861</subfield>
  </datafield>
  <datafield tag="700" ind1=" " ind2=" ">
    <subfield code="a">Seidl, Walter</subfield>
    <subfield code="9">4862</subfield>
  </datafield>
  <datafield tag="700" ind1=" " ind2=" ">
    <subfield code="a">Aleksandrova, Svetozara</subfield>
    <subfield code="9">4863</subfield>
  </datafield>
  <datafield tag="700" ind1=" " ind2=" ">
    <subfield code="a">Ventzislavova, Borjana</subfield>
    <subfield code="9">4864</subfield>
  </datafield>
  <datafield tag="700" ind1=" " ind2=" ">
    <subfield code="a">Gankovska, Vasilena</subfield>
    <subfield code="9">4865</subfield>
  </datafield>
  <datafield tag="700" ind1=" " ind2=" ">
    <subfield code="a">Georgieva, Irina</subfield>
    <subfield code="9">4866</subfield>
  </datafield>
  <datafield tag="700" ind1=" " ind2=" ">
    <subfield code="a">Kovachev, Nestor</subfield>
    <subfield code="9">4867</subfield>
  </datafield>
  <datafield tag="700" ind1=" " ind2=" ">
    <subfield code="a">Lyutakov, Lazar</subfield>
    <subfield code="9">4868</subfield>
  </datafield>
  <datafield tag="700" ind1=" " ind2=" ">
    <subfield code="a">Michailov, Michail</subfield>
    <subfield code="9">4869</subfield>
  </datafield>
  <datafield tag="700" ind1=" " ind2=" ">
    <subfield code="a">Peev, Alexandar</subfield>
    <subfield code="9">4870</subfield>
  </datafield>
  <datafield tag="700" ind1=" " ind2=" ">
    <subfield code="a">Pramatarov, Maximilian</subfield>
    <subfield code="9">4871</subfield>
  </datafield>
  <datafield tag="700" ind1=" " ind2=" ">
    <subfield code="a">Stikar, Krasimira</subfield>
    <subfield code="9">4872</subfield>
  </datafield>
  <datafield tag="700" ind1=" " ind2=" ">
    <subfield code="a">Stoyanov, Kamen</subfield>
    <subfield code="9">4873</subfield>
  </datafield>
  <datafield tag="700" ind1=" " ind2=" ">
    <subfield code="a">Tonev, Kosta</subfield>
    <subfield code="9">4874</subfield>
  </datafield>
  <datafield tag="700" ind1=" " ind2=" ">
    <subfield code="a">Toshain, Iv</subfield>
    <subfield code="9">4875</subfield>
  </datafield>
  <datafield tag="700" ind1=" " ind2=" ">
    <subfield code="a">Unger, Desislava</subfield>
    <subfield code="9">4876</subfield>
  </datafield>
  <datafield tag="700" ind1=" " ind2=" ">
    <subfield code="a">Chkoutova, Sevda</subfield>
    <subfield code="9">4877</subfield>
  </datafield>
  <datafield tag="999" ind1=" " ind2=" ">
    <subfield code="c">884</subfield>
    <subfield code="d">884</subfield>
  </datafield>
  <datafield tag="952" ind1=" " ind2=" ">
    <subfield code="0">0</subfield>
    <subfield code="1">0</subfield>
    <subfield code="2">ddc</subfield>
    <subfield code="4">0</subfield>
    <subfield code="7">0</subfield>
    <subfield code="a">LV</subfield>
    <subfield code="b">LV</subfield>
    <subfield code="c">Colectivas</subfield>
    <subfield code="d">2016-03-07</subfield>
    <subfield code="l">0</subfield>
    <subfield code="o">708 H873b</subfield>
    <subfield code="p">004155</subfield>
    <subfield code="r">2016-03-07 00:00:00</subfield>
    <subfield code="w">2016-03-07</subfield>
    <subfield code="y">01</subfield>
  </datafield>
</record>
